Lectura ideológica de la narrativa de Manlio Argueta

Uloženo v:
Podrobná bibliografie
Hlavní autor: Ducca Durán, Isabel
Médium: Kniha
Jazyk:Undetermined
Vydáno: San José, Costa Rica Escuela de Filología, Lingüística y Literatura,Universidad de Costa Rica 1987
Témata:
Tagy: Přidat tag
Žádné tagy, Buďte první, kdo vytvoří štítek k tomuto záznamu!

MARC

LEADER 00000nam a2200000Ia 4500
008 170316s9999 xx 000 0 und d
040 |a cru BVZT 
090 |a TESIS 373 
100 |a Ducca Durán, Isabel 
245 |a Lectura ideológica de la narrativa de Manlio Argueta 
260 |a San José, Costa Rica 
260 |b Escuela de Filología, Lingüística y Literatura,Universidad de Costa Rica 
260 |c 1987 
300 |a 294 páginas 
650 |a LICENCIATURA EN FILOLOGÍA ESPAÑOLA 
650 |a TRABAJO FINAL DE GRADUACIÓN 
999 |c 14005  |d 14005 
942 |c TFG  |h TESIS 373  |2 z